000 00275nam a2200109Ia 4500
008 220204s9999 xx 000 0 und d
082 _a82-3
_bMAU
100 _aMaurice, Rene Louis
245 4 _aThe Heist of the century
260 _aGreat Britain
_bFontana
_c1978
942 _cBK
999 _c37427
_d37427